[Event "Championnat de France des Jeunes - Pous"]
[Site "LA ROCHE SUR YON"]
[Date "2008.04.23"]
[Round "2.2"]
[White "Broly, Marine"]
[Black "Joudelat, Noemie"]
[Result "0-1"]
[WhiteElo "1290"]
[BlackElo "1540"]
[Annotator "Salaun,Michel"]
[PlyCount "36"]
[EventDate "2008.04.25"]
[EventType "swiss"]
[EventRounds "5"]
[EventCountry "FRA"]

1. e4 c5 2. Nf3 Nc6 3. d4 cxd4 4. Nxd4 g6 5. Nc3 Bg7 6. Be3 d6 7. Bc4 Nf6 8.
O-O O-O 9. Qd2 Ng4 10. Nxc6 bxc6 11. h3 Nxe3 12. Qxe3 Rb8 13. Rab1 a5 14. Rfd1
Bb7 15. f4 c5 16. Kh1 Bd4 17. Qe2 Qd7 18. e5 Qxh3# 0-1

[Event "Championnat de France des Jeunes - Pous"]
[Site "LA ROCHE SUR YON"]
[Date "2008.04.23"]
[Round "2.7"]
[White "Nord, Clara"]
[Black "Banat, Rizlene"]
[Result "0-1"]
[WhiteElo "1280"]
[BlackElo "1400"]
[Annotator "Salaun,Michel"]
[PlyCount "96"]
[EventDate "2008.04.25"]
[EventType "swiss"]
[EventRounds "5"]
[EventCountry "FRA"]

1. e4 c5 2. Nc3 Nc6 3. Bb5 a6 4. Bxc6 bxc6 5. Nf3 d6 6. d3 Nf6 7. d4 cxd4 8.
Nxd4 Bd7 9. O-O g6 10. Bf4 e5 11. Bg5 exd4 12. Qxd4 Bg7 13. Rfe1 O-O 14. Qxd6
Rb8 15. b3 Ne8 16. Qxf8+ Kxf8 17. Bxd8 Bxc3 18. Rad1 Bxe1 19. Rxd7 Bc3 20. Be7+
Kg8 21. Rd3 Bf6 22. Bd6 Nxd6 23. Rxd6 Rd8 24. e5 Rxd6 25. exd6 Kf8 26. c4 Ke8
27. a4 Be5 28. c5 Bd4 29. b4 Bb2 30. b5 axb5 31. a5 Bd4 32. Kf1 Bxc5 33. a6 Kd7
34. Ke2 Kxd6 35. Kd3 Bxf2 36. Kc3 Ba7 37. Kd3 Kd5 38. h3 c5 39. Kc2 Kd4 40. Kb3
c4+ 41. Kc2 b4 42. Kb2 Kd3 43. Kc1 c3 44. Kd1 c2+ 45. Kc1 Be3+ 46. Kb2 c1=Q+
47. Ka2 Kc3 48. a7 b3# 0-1

[Event "Championnat de France des Jeunes - Pous"]
[Site "LA ROCHE SUR YON"]
[Date "2008.04.23"]
[Round "1.1"]
[White "Duval, Claire"]
[Black "Auvray, Honorine"]
[Result "0-1"]
[WhiteElo "1220"]
[BlackElo "1716"]
[Annotator "Salaun,Michel"]
[PlyCount "90"]
[EventDate "2008.04.25"]
[EventType "swiss"]
[EventRounds "5"]
[EventCountry "FRA"]

1. e4 c5 2. Nf3 e6 3. Qe2 Nc6 4. Nc3 Be7 5. d3 d5 6. exd5 exd5 7. Bf4 Be6 8.
O-O-O Nf6 9. Nb5 Rc8 10. Ne5 a6 11. Nxc6 Rxc6 12. Nc3 O-O 13. g3 b5 14. Qd2 b4
15. Ne2 a5 16. b3 Ra6 17. d4 c4 18. Kb2 c3+ 19. Nxc3 bxc3+ 20. Qxc3 Bb4 21. Qe3
Rc6 22. Rd3 Bf5 23. Rd1 Rxc2+ 24. Ka1 Bc3+ 25. Kb1 Re2+ 26. Qd3 Bxd3+ 27. Rxd3
Rb2+ 28. Kc1 Qc8 29. Kd1 Ne4 30. Be3 Qg4+ 31. Kc1 Rc8 32. Rxc3 Rxc3+ 33. Kxb2
Qf3 34. Rg1 Rxe3 35. Bg2 Qxf2+ 36. Ka1 Qxg1+ 37. Kb2 Qxg2+ 38. Ka3 Re2 39. Ka4
Rxa2+ 40. Kb5 Qc2 41. Kb6 Ra3 42. b4 axb4 43. h4 b3 44. g4 b2 45. Kb5 b1=R# 0-1

[Event "Championnat de France des Jeunes - Pous"]
[Site "LA ROCHE SUR YON"]
[Date "2008.04.23"]
[Round "2.10"]
[White "Mechaly, Lisa"]
[Black "Le Berre, Audrey"]
[Result "1/2-1/2"]
[WhiteElo "1250"]
[BlackElo "1390"]
[Annotator "Salaun,Michel"]
[PlyCount "82"]
[EventDate "2008.04.25"]
[EventType "swiss"]
[EventRounds "5"]
[EventCountry "FRA"]

1. e4 c5 2. Nc3 g6 3. f4 e6 4. Nf3 Bg7 5. Bb5 a6 6. Be2 Ne7 7. d3 Nbc6 8. O-O
O-O 9. Be3 Nd4 10. Qd2 Qb6 11. Rab1 Qc7 12. b4 Nxf3+ 13. Bxf3 c4 14. dxc4 Qxc4
15. Be2 Qxe4 16. Nxe4 Nf5 17. Nd6 Nxe3 18. Qxe3 b5 19. Nxc8 Raxc8 20. a4 bxa4
21. Bxa6 Rxc2 22. Rbc1 Rb2 23. b5 Rb4 24. Qc5 Bd4+ 25. Qxd4 Rxd4 26. Ra1 Re8
27. Rfb1 e5 28. fxe5 Rxe5 29. b6 Re8 30. b7 Rb8 31. Kf2 Rd6 32. Rxa4 Rc6 33.
Ke3 Rc7 34. Kd4 Kf8 35. Kd5 Ke8 36. Kd6 Rc6+ 37. Kd5 Kd8 38. g3 h5 39. h4 Rc7
40. Kd6 Rc6+ 41. Kd5 f6 1/2-1/2

[Event "Championnat de France des Jeunes - Pous"]
[Site "LA ROCHE SUR YON"]
[Date "2008.04.23"]
[Round "2.6"]
[White "Baldi, Valentine"]
[Black "Renaudier, Celia"]
[Result "1-0"]
[WhiteElo "1400"]
[BlackElo "1280"]
[Annotator "Salaun,Michel"]
[PlyCount "63"]
[EventDate "2008.04.25"]
[EventType "swiss"]
[EventRounds "5"]
[EventCountry "FRA"]

1. d4 Nf6 2. c4 d6 3. e3 g6 4. Nf3 Bg7 5. Nc3 O-O 6. Bd3 c6 7. O-O Nbd7 8. b3
a6 9. Bb2 b5 10. cxb5 axb5 11. b4 Bb7 12. a4 bxa4 13. Rxa4 Rxa4 14. Qxa4 Re8
15. Rc1 e5 16. dxe5 Nxe5 17. Nxe5 Rxe5 18. Ne2 Qd7 19. Bxe5 dxe5 20. Ba6 Bxa6
21. Qxa6 Bf8 22. Qxc6 Qd8 23. b5 Ba3 24. Qc8 Qxc8 25. Rxc8+ Kg7 26. b6 Bd6 27.
Rd8 Be7 28. b7 Bxd8 29. b8=Q Be7 30. Qxe5 Kf8 31. Nd4 Ng4 32. Qh8# 1-0

[Event "Championnat de France des Jeunes - Pous"]
[Site "LA ROCHE SUR YON"]
[Date "2008.04.23"]
[Round "2.8"]
[White "Duffaud, Celia"]
[Black "Moisset, Lola"]
[Result "1-0"]
[WhiteElo "1400"]
[BlackElo "1210"]
[Annotator "Salaun,Michel"]
[PlyCount "61"]
[EventDate "2008.04.25"]
[EventType "swiss"]
[EventRounds "5"]
[EventCountry "FRA"]

1. e4 e5 2. Nf3 Nc6 3. Bc4 Nf6 4. Ng5 d5 5. exd5 Nxd5 6. Nxf7 Kxf7 7. Qf3+ Ke6
8. Nc3 Nce7 9. O-O c6 10. Re1 b5 11. Bb3 Kd6 12. Bxd5 cxd5 13. Nxb5+ Kd7 14.
Rxe5 Ng6 15. Rxd5+ Ke8 16. Rxd8+ Kxd8 17. Qxa8 Bd6 18. Nxd6 Ke7 19. Nxc8+ Ke6
20. d4 Re8 21. Bd2 Ne7 22. Qe4+ Kd7 23. Nxe7 Rxe7 24. Qg4+ Kc7 25. h3 g6 26. d5
Rd7 27. Bf4+ Kc8 28. Re1 Kd8 29. Bg5+ Kc8 30. Re7 Kd8 31. Qxd7# 1-0

[Event "Championnat de France des Jeunes - Pous"]
[Site "LA ROCHE SUR YON"]
[Date "2008.04.23"]
[Round "2.5"]
[White "Lallemand, Emilie"]
[Black "Terrazzoni, Claire"]
[Result "1/2-1/2"]
[WhiteElo "1280"]
[BlackElo "1430"]
[Annotator "Salaun,Michel"]
[PlyCount "59"]
[EventDate "2008.04.25"]
[EventType "swiss"]
[EventRounds "5"]
[EventCountry "FRA"]

1. e4 e5 2. Nf3 Nc6 3. Nc3 Nf6 4. Bb5 a6 5. Bxc6 dxc6 6. Nxe5 Bb4 7. Nf3 Bxc3
8. dxc3 Qxd1+ 9. Kxd1 O-O 10. Bg5 Nxe4 11. Rb1 Nxg5 12. Nxg5 Rd8+ 13. Ke2 Bf5
14. Rbd1 Rxd1 15. Kxd1 Rd8+ 16. Kc1 h6 17. Nf3 Re8 18. Re1 Rxe1+ 19. Nxe1 c5
20. c4 b5 21. cxb5 axb5 22. a3 Be4 23. g3 g5 24. b4 cxb4 25. axb4 f5 26. f3 Bd5
27. h3 h5 28. f4 gxf4 29. gxf4 Kf7 30. Nd3 1/2-1/2

[Event "Championnat de France des Jeunes - Pous"]
[Site "LA ROCHE SUR YON"]
[Date "2008.04.23"]
[Round "2.9"]
[White "Quelennec, Amelie"]
[Black "Leriche, Ines"]
[Result "1-0"]
[WhiteElo "1400"]
[BlackElo "1180"]
[Annotator "Salaun,Michel"]
[PlyCount "41"]
[EventDate "2008.04.25"]
[EventType "swiss"]
[EventRounds "5"]
[EventCountry "FRA"]

1. b3 e5 2. Bb2 Nc6 3. e3 d5 4. Bb5 Nf6 5. Bxc6+ bxc6 6. Bxe5 Be7 7. Bb2 O-O 8.
d3 Bf5 9. Nd2 Rb8 10. Ngf3 Re8 11. O-O Rb4 12. Ne5 Bd6 13. Nxc6 Qd7 14. Nxb4
Bxb4 15. a3 Bxd2 16. Qxd2 Bh3 17. gxh3 Qxh3 18. f4 Ng4 19. Qg2 Qxe3+ 20. Kh1
Qe7 21. Qxg4 1-0

[Event "Championnat de France des Jeunes - Pous"]
[Site "LA ROCHE SUR YON"]
[Date "2008.04.23"]
[Round "1.4"]
[White "Imperor, Lorene"]
[Black "Vernet, Solene"]
[Result "1-0"]
[WhiteElo "1530"]
[BlackElo "1200"]
[Annotator "Salaun,Michel"]
[PlyCount "125"]
[EventDate "2008.04.25"]
[EventType "swiss"]
[EventRounds "5"]
[EventCountry "FRA"]

1. e4 e5 2. Nc3 Bc5 3. f4 Nc6 4. Nf3 f6 5. Bc4 d6 6. Na4 Bg4 7. Nxc5 dxc5 8. h3
Bxf3 9. Qxf3 Qe7 10. O-O O-O-O 11. Qa3 Kb8 12. d3 Qd7 13. Qxc5 Nge7 14. Be3 b6
15. Qa3 g6 16. Bb5 Rhe8 17. Qc3 h6 18. fxe5 f5 19. Bxh6 Rc8 20. Bg5 Kb7 21.
Bxe7 Rxe7 22. d4 fxe4 23. Kh2 a6 24. Bxc6+ Qxc6 25. Qxc6+ Kxc6 26. Rf6+ Kb7 27.
Rxg6 Rd8 28. c3 Rf7 29. Kg1 Rfd7 30. Rf6 Rd5 31. Re1 Rb5 32. b3 Ra5 33. a4 b5
34. Ra1 Rd5 35. Rf4 e3 36. Re4 Kb6 37. e6 Rd8 38. Rxe3 bxa4 39. Rxa4 Rxa4 40.
bxa4 Re8 41. h4 Kc6 42. h5 Kd6 43. h6 Rxe6 44. Rxe6+ Kxe6 45. h7 Kd6 46. h8=Q
Kc6 47. Qe5 Kb7 48. Qe6 Ka7 49. a5 Kb7 50. Kf2 Ka7 51. Ke3 Kb7 52. Ke4 Ka7 53.
Kd5 Kb7 54. Kc5 Ka7 55. g4 Kb7 56. Qc6+ Ka7 57. Kd5 Kb8 58. Ke6 Ka7 59. Qxc7+
Ka8 60. Qf7 Kb8 61. Kd6 Ka8 62. Kc6 Kb8 63. Qb7# 1-0

[Event "Championnat de France des Jeunes - Pous"]
[Site "LA ROCHE SUR YON"]
[Date "2008.04.23"]
[Round "1.6"]
[White "Jacob, Eva"]
[Black "Akturk, Celine"]
[Result "1-0"]
[WhiteElo "1470"]
[BlackElo "1170"]
[Annotator "Salaun,Michel"]
[PlyCount "93"]
[EventDate "2008.04.25"]
[EventType "swiss"]
[EventRounds "5"]
[EventCountry "FRA"]

1. e4 e5 2. d4 Nc6 3. c3 d6 4. Nf3 Nf6 5. Bd3 d5 6. Bg5 h6 7. Bxf6 gxf6 8. Nbd2
Bg4 9. Bb5 Bxf3 10. Qxf3 a6 11. Bxc6+ bxc6 12. Qf5 Rg8 13. g3 Rg5 14. Qf3 h5
15. h4 Rg4 16. Qf5 Rg6 17. Qxh5 Rh6 18. Qe2 Rg6 19. h5 Rg8 20. h6 Rh8 21. h7
Bd6 22. Qf3 Ke7 23. exd5 Rf8 24. dxc6 Qb8 25. Rb1 Qb5 26. a3 Qa4 27. d5 Qc2 28.
Qd1 Qxd1+ 29. Kxd1 Bc5 30. Ke2 Kd6 31. c4 f5 32. Rh2 f4 33. gxf4 exf4 34. Rbh1
Bd4 35. Kd3 Bh8 36. Ke4 Rab8 37. b3 f5+ 38. Kf3 Ke5 39. Rh4 Kd4 40. Nb1 Kd3 41.
Rxf4 Rf6 42. Rfh4 Rd8 43. Rh6 Rdd6 44. Rxf6 Rxf6 45. a4 Kc2 46. Na3+ Kb2 47.
Nb5 {ici les noirs rejouent a6} 1-0

[Event "Championnat de France des Jeunes - Pous"]
[Site "LA ROCHE SUR YON"]
[Date "2008.04.23"]
[Round "1.5"]
[White "Leriche, Ines"]
[Black "Vernay, Camille"]
[Result "1-0"]
[WhiteElo "1180"]
[BlackElo "1510"]
[Annotator "Salaun,Michel"]
[PlyCount "81"]
[EventDate "2008.04.25"]
[EventType "swiss"]
[EventRounds "5"]
[EventCountry "FRA"]

1. e4 e6 2. d4 d5 3. exd5 exd5 4. Bd3 Nf6 5. Nf3 Be7 6. Bf4 Ne4 7. Bxe4 dxe4 8.
Ne5 O-O 9. O-O Nc6 10. c3 f6 11. Ng4 Qd7 12. h3 Qf5 13. Bh6 Qh5 14. Nxf6+ Rxf6
15. Qxh5 gxh6 16. d5 Na5 17. Qe8+ Bf8 18. Qb5 b6 19. Nd2 c6 20. Qe2 cxd5 21. c4
Ba6 22. b3 Rf5 23. Qg4+ Rg5 24. Qe6+ Kh8 25. cxd5 Bxf1 26. Kxf1 Bg7 27. Nxe4
Bxa1 28. Nxg5 hxg5 29. Qd7 Rf8 30. b4 Nc4 31. Qc6 Ne3+ 32. Ke2 Nf5 33. Qc4 Re8+
34. Kf3 Nh4+ 35. Kg4 h6 36. g3 Ng2 37. d6 Rd8 38. Qc7 Rf8 39. Kh5 Kg8 40. Kxh6
Bb2 41. Qh7# 1-0

[Event "Championnat de France des Jeunes - Pous"]
[Site "LA ROCHE SUR YON"]
[Date "2008.04.23"]
[Round "1.2"]
[White "Joudelat, Noemie"]
[Black "Gtari, Aliya"]
[Result "1-0"]
[WhiteElo "1540"]
[BlackElo "1220"]
[Annotator "Salaun,Michel"]
[PlyCount "51"]
[EventDate "2008.04.25"]
[EventType "swiss"]
[EventRounds "5"]
[EventCountry "FRA"]

1. e4 e5 2. Nf3 Nc6 3. Bc4 Bc5 4. c3 Nf6 5. d4 exd4 6. cxd4 Bb4+ 7. Bd2 Bxd2+
8. Nbxd2 O-O 9. O-O d5 10. exd5 Nxd5 11. Re1 Nb6 12. Ne5 Nxc4 13. Ndxc4 Qxd4
14. Nxc6 Qxc4 15. Ne7+ Kh8 16. Rc1 Qxa2 17. Rxc7 Qxb2 18. Nxc8 Raxc8 19. Rxc8
Rxc8 20. Qd7 Qc1 21. Qe7 a5 22. h3 Qc6 23. Qxf7 Qf6 24. Re8+ Rxe8 25. Qxe8+ Qf8
26. Qxf8# 1-0

[Event "Championnat de France des Jeunes - Pous"]
[Site "LA ROCHE SUR YON"]
[Date "2008.04.23"]
[Round "1.3"]
[White "Moisset, Lola"]
[Black "Aubry, Milene"]
[Result "1-0"]
[WhiteElo "1210"]
[BlackElo "1530"]
[Annotator "Salaun,Michel"]
[PlyCount "49"]
[EventDate "2008.04.25"]
[EventType "swiss"]
[EventRounds "5"]
[EventCountry "FRA"]

1. e4 e5 2. Nc3 Nf6 3. Nf3 Nc6 4. Bb5 Bc5 5. Bxc6 dxc6 6. Nxe5 O-O 7. O-O Be6
8. Nf3 Ng4 9. d4 Bb6 10. h3 Nf6 11. Qd3 Re8 12. Ng5 Bxd4 13. Ne2 Bc5 14. Qxd8
Raxd8 15. e5 Nd5 16. Nxe6 Rxe6 17. Bg5 Rd7 18. Rad1 Rxe5 19. Nf4 Rxg5 20. Nd3
Nb4 21. Nxb4 Rxd1 22. Rxd1 Bxb4 23. c3 Bc5 24. b4 Bb6 25. Rd8# 1-0

[Event "Championnat de France des Jeunes - Pous"]
[Site "LA ROCHE SUR YON"]
[Date "2008.04.27"]
[Round "9.1"]
[White "Baldi, Valentine"]
[Black "Auvray, Honorine"]
[Result "0-1"]
[WhiteElo "1400"]
[BlackElo "1716"]
[Annotator "Salaun,Michel"]
[PlyCount "81"]
[EventDate "2008.04.25"]
[EventType "swiss"]
[EventRounds "5"]
[EventCountry "FRA"]

1. d4 d5 2. c4 e6 3. e3 Be7 4. Nf3 Nf6 5. Nc3 O-O 6. Bd3 dxc4 7. Bxc4 c5 8. O-O
b6 9. b3 Bb7 10. Bb2 Nc6 11. dxc5 Bxc5 12. Qc1 Qc7 13. Nb5 Qe7 14. Bd3 e5 15.
Bc2 a6 16. Nc3 Nb4 17. Bd1 Nd3 18. Qc2 Nxb2 19. Qxb2 b5 20. Rc1 Ba3 21. Qc2
Bxc1 22. Qxc1 Rac8 23. Qb2 Qc5 24. Nb1 Qc1 25. Qxc1 Rxc1 26. Na3 e4 27. Nd4 Ra1
28. Nac2 Rxa2 29. Nb4 Rd2 30. Be2 Rd8 31. Nbc2 Nd7 32. Rb1 Nc5 33. Kf1 Nd3 34.
Bxd3 Rxd3 35. b4 Rc3 36. Na1 Bd5 37. Nf5 Bc4+ 38. Kg1 Ba2 39. Re1 Rc4 40. h3 g6
41. Ng3 0-1

[Event "Championnat de France des Jeunes - Pous"]
[Site "LA ROCHE SUR YON"]
[Date "2008.04.27"]
[Round "9.4"]
[White "Wojnowska, Natalia"]
[Black "Sauve, Anne-Charlotte"]
[Result "1-0"]
[WhiteElo "1340"]
[BlackElo "1290"]
[Annotator "Salaun,Michel"]
[PlyCount "81"]
[EventDate "2008.04.25"]
[EventType "swiss"]
[EventRounds "5"]
[EventCountry "FRA"]

1. e4 e5 2. d4 Nc6 3. dxe5 Nxe5 4. f4 Nc6 5. Nf3 Bc5 6. Nc3 Bb4 7. Bd2 Nf6 8.
Bd3 O-O 9. Qe2 d6 10. O-O-O Re8 11. Qf2 Bc5 12. Qg3 Nh5 13. Qg5 Qxg5 14. Nxg5
h6 15. Nf3 Be6 16. h3 Nf6 17. g4 Bd4 18. g5 hxg5 19. Nxg5 Bxc3 20. Bxc3 a5 21.
Nxe6 Rxe6 22. Rhg1 Nh5 23. f5 Ree8 24. Be2 Nf4 25. Rxg7+ Kf8 26. Bg4 b5 27. Rf1
b4 28. Bf6 Rxe4 29. Rh7 Ke8 30. Rh8+ Kd7 31. Rxa8 Ne2+ 32. Bxe2 Rxe2 33. h4 Rh2
34. Re1 d5 35. Rd1 Kd6 36. Ra6 Kc5 37. c3 bxc3 38. bxc3 Nb8 39. Rxa5+ Kc4 40.
Rd4+ Kxc3 41. Ra3# 1-0

[Event "Championnat de France des Jeunes - Pous"]
[Site "LA ROCHE SUR YON"]
[Date "2008.04.23"]
[Round "1.7"]
[White "Gregot, Eva"]
[Black "Bour, Valentine"]
[Result "1-0"]
[WhiteElo "1170"]
[BlackElo "1440"]
[Annotator "Salaun,Michel"]
[PlyCount "63"]
[EventDate "2008.04.25"]
[EventType "swiss"]
[EventRounds "5"]
[EventCountry "FRA"]

1. e4 c5 2. Bc4 e6 3. Nf3 Nc6 4. d3 Be7 5. Bf4 b6 6. Nbd2 Bb7 7. O-O d5 8. Bb5
dxe4 9. dxe4 a6 10. Bc4 b5 11. Bd3 c4 12. Be2 Bc5 13. Ne5 Nxe5 14. Bxe5 Nf6 15.
c3 O-O 16. Qc2 Qb6 17. Bg3 Rad8 18. b4 cxb3 19. axb3 b4 20. c4 Rd7 21. Be5 Rfd8
22. Rad1 a5 23. Nf3 Bxe4 24. Qc1 Ng4 25. Kh1 Nxf2+ 26. Kg1 Nxd1+ 27. Kh1 Bg1
28. Qg5 g6 29. Qh6 f6 30. Bxf6 Kf7 31. Qg7+ Ke8 32. Qg8# 1-0

[Event "Championnat de France des Jeunes - Pous"]
[Site "LA ROCHE SUR YON"]
[Date "2008.04.27"]
[Round "9.3"]
[White "Imperor, Lorene"]
[Black "Raihauti, Mataheitini"]
[Result "1-0"]
[WhiteElo "1530"]
[BlackElo "1009"]
[Annotator "Salaun,Michel"]
[PlyCount "63"]
[EventDate "2008.04.25"]
[EventType "swiss"]
[EventRounds "5"]
[EventCountry "FRA"]

1. f4 d5 2. Nf3 Nc6 3. e3 Nf6 4. Bb5 Bf5 5. O-O e6 6. Ne5 Qd6 7. b3 Qd8 8. Nxc6
bxc6 9. Bxc6+ Nd7 10. Bxa8 Qxa8 11. Bb2 f6 12. d3 Bd6 13. Nd2 O-O 14. Qe1 e5
15. fxe5 fxe5 16. e4 dxe4 17. dxe4 Bg6 18. Rxf8+ Qxf8 19. Qf1 Qxf1+ 20. Rxf1
Nf6 21. Nc4 Bxe4 22. Bxe5 Bxe5 23. Nxe5 Bxc2 24. Rc1 Be4 25. Rxc7 Bf5 26. Rxa7
h6 27. a4 Bc2 28. b4 Nd5 29. b5 Nb6 30. a5 Nc8 31. Ra8 Bf5 32. b6 1-0

[Event "Championnat de France des Jeunes - Pous"]
[Site "LA ROCHE SUR YON"]
[Date "2008.04.23"]
[Round "1.9"]
[White "Soudani, Lina"]
[Black "Baldi, Valentine"]
[Result "0-1"]
[WhiteElo "1150"]
[BlackElo "1400"]
[Annotator "Salaun,Michel"]
[PlyCount "62"]
[EventDate "2008.04.25"]
[EventType "swiss"]
[EventRounds "5"]
[EventCountry "FRA"]

1. d4 c6 2. f4 d5 3. e3 Bf5 4. Nf3 e6 5. Bd3 Bxd3 6. Qxd3 Nf6 7. O-O Ne4 8. Nc3
Nxc3 9. Qxc3 Bd6 10. b4 O-O 11. Ba3 Nd7 12. Qd3 Nf6 13. Ne5 Ne4 14. Qd1 f6 15.
Nf3 Qe7 16. Qe1 a5 17. Bb2 Bxb4 18. Qh4 c5 19. dxc5 Qxc5 20. Qg4 Qxe3+ 21. Kh1
Nf2+ 22. Rxf2 Qxf2 23. h3 Qxc2 24. Bd4 Rac8 25. Ng5 fxg5 26. Qxg5 Qg6 27. Qe5
Rc2 28. g4 Qe4+ 29. Qxe4 dxe4 30. Re1 Bxe1 31. Kg1 Rxf4 0-1

[Event "Championnat de France des Jeunes - Pous"]
[Site "LA ROCHE SUR YON"]
[Date "2008.04.23"]
[Round "1.8"]
[White "Terrazzoni, Claire"]
[Black "Jouannet, Aurore"]
[Result "1-0"]
[WhiteElo "1430"]
[BlackElo "1150"]
[Annotator "Salaun,Michel"]
[PlyCount "61"]
[EventDate "2008.04.25"]
[EventType "swiss"]
[EventRounds "5"]
[EventCountry "FRA"]

1. e4 e5 2. Nf3 Nc6 3. Bb5 a6 4. Be2 Bc5 5. O-O Nf6 6. Nc3 O-O 7. Nxe5 Nxe5 8.
d4 Bxd4 9. Qxd4 Nc6 10. Qd2 d6 11. Qf4 Be6 12. Qg3 Qd7 13. Bh6 Ne8 14. Rad1 Kh8
15. Bf4 Qe7 16. Bg4 Nf6 17. Bxe6 Qxe6 18. Rfe1 Nh5 19. Qg5 Nxf4 20. Qxf4 Ne7
21. Nd5 Ng6 22. Qf5 Qe8 23. Nxc7 Qa4 24. Nxa8 Rxa8 25. Qxf7 Qxc2 26. Rxd6 Qxb2
27. Rd7 Qc3 28. Red1 h6 29. Qxg6 Rc8 30. Rd8+ Rxd8 31. Rxd8# 1-0

[Event "Championnat de France des Jeunes - Pous"]
[Site "LA ROCHE SUR YON"]
[Date "2008.04.23"]
[Round "1.10"]
[White "Banat, Rizlene"]
[Black "Diringer, Margot"]
[Result "1-0"]
[WhiteElo "1400"]
[BlackElo "1140"]
[Annotator "Salaun,Michel"]
[PlyCount "47"]
[EventDate "2008.04.25"]
[EventType "swiss"]
[EventRounds "5"]
[EventCountry "FRA"]

1. e4 e5 2. Nf3 Nc6 3. Bb5 Nf6 4. d3 Bc5 5. O-O O-O 6. Bg5 d6 7. h3 a6 8. Ba4
b5 9. Bb3 h6 10. Bh4 a5 11. a3 b4 12. axb4 Nxb4 13. c3 Na6 14. d4 Bb6 15. dxe5
Nc5 16. exf6 gxf6 17. Qd2 Nxe4 18. Qxh6 Qe7 19. Bd5 Qe8 20. Bxe4 Qxe4 21. Re1
Qc6 22. Bxf6 Bxf2+ 23. Kh1 Bxe1 24. Qh8# 1-0

[Event "Championnat de France des Jeunes - Pous"]
[Site "LA ROCHE SUR YON"]
[Date "2008.04.27"]
[Round "9.2"]
[White "Pauvert, Gabrielle"]
[Black "Joudelat, Noemie"]
[Result "0-1"]
[WhiteElo "1350"]
[BlackElo "1540"]
[Annotator "Salaun,Michel"]
[PlyCount "42"]
[EventDate "2008.04.25"]
[EventType "swiss"]
[EventRounds "5"]
[EventCountry "FRA"]

1. e4 c5 2. Nf3 Nc6 3. c3 d6 4. d4 cxd4 5. cxd4 Nf6 6. Nc3 Bg4 7. Bb5 a6 8. Ba4
b5 9. Bc2 g6 10. h3 Bxf3 11. gxf3 Bg7 12. O-O Qd7 13. Kg2 O-O 14. a4 b4 15. Ne2
a5 16. d5 Ne5 17. f4 Nc4 18. b3 Nb6 19. Be3 Rab8 20. Bxb6 Rxb6 21. Qd4 Rbb8 0-1

[Event "Championnat de France des Jeunes - Pous"]
[Site "LA ROCHE SUR YON"]
[Date "2008.04.27"]
[Round "9.5"]
[White "Jacob, Eva"]
[Black "Quelennec, Amelie"]
[Result "0-1"]
[WhiteElo "1470"]
[BlackElo "1400"]
[Annotator "Salaun,Michel"]
[PlyCount "152"]
[EventDate "2008.04.25"]
[EventType "swiss"]
[EventRounds "5"]
[EventCountry "FRA"]

1. e4 b6 2. d4 Bb7 3. Nc3 e6 4. Bd3 Bb4 5. Bd2 Bxc3 6. Bxc3 Nf6 7. Qe2 a6 8.
Nf3 O-O 9. O-O d6 10. Rac1 Nbd7 11. Rfe1 c5 12. b4 Rc8 13. Bxa6 Nxe4 14. Bb2
Bxa6 15. Qxa6 Nef6 16. Bc3 cxd4 17. Bxd4 Qc7 18. Qd3 Qc4 19. Qxc4 Rxc4 20. a3
Ra8 21. Bb2 e5 22. Red1 Rac8 23. Rxd6 Rxc2 24. Rxc2 Rxc2 25. Rd2 Rxd2 26. Nxd2
Nd5 27. g4 Kf8 28. Kf1 Ke7 29. Ke2 b5 30. Kd3 Kd6 31. Nf3 f6 32. Ke4 g6 33. h4
h6 34. g5 h5 35. gxf6 N5xf6+ 36. Ke3 Kd5 37. Nd2 Ng4+ 38. Ke2 Ndf6 39. f3 Nh6
40. f4 Nfg4 41. fxe5 Nxe5 42. Bc1 Nf5 43. Bb2 Nxh4 44. Kf1 g5 45. Bc1 g4 46.
Nb1 Nhf3 47. Nc3+ Kc4 48. Ne2 h4 49. Bf4 g3 50. Nxg3 hxg3 51. Bxe5 Nxe5 52. Kg2
Kb3 53. Kxg3 Kxa3 54. Kf4 Kxb4 55. Kxe5 Kc3 56. Ke4 b4 57. Ke3 b3 58. Ke2 Kc2
59. Ke3 b2 60. Kd4 b1=Q 61. Kc4 Qb3+ 62. Kd4 Qd3+ 63. Ke5 Qc4 64. Kf5 Kd3 65.
Kg5 Ke3 66. Kh5 Kf3 67. Kg5 Qg4+ 68. Kf6 Qh5 69. Ke6 Ke4 70. Kf6 Qf5+ 71. Ke7
Qg6 72. Kd7 Kd5 73. Ke7 Qe6+ 74. Kd8 Qf7 75. Kc8 Kc6 76. Kd8 Qd7# 0-1

[Event "Championnat de France des Jeunes - Pous"]
[Site "LA ROCHE SUR YON"]
[Date "2008.04.27"]
[Round "9.7"]
[White "Banat, Rizlene"]
[Black "Craquelin, Mathie"]
[Result "1-0"]
[WhiteElo "1400"]
[BlackElo "1330"]
[Annotator "Salaun,Michel"]
[PlyCount "107"]
[EventDate "2008.04.25"]
[EventType "swiss"]
[EventRounds "5"]
[EventCountry "FRA"]

1. e4 d5 2. exd5 Nf6 3. Nf3 Nxd5 4. Bc4 Be6 5. Ng5 Bf5 6. O-O e6 7. d3 Be7 8.
Bxd5 exd5 9. Re1 h6 10. Nf3 Bg4 11. h3 Bh5 12. Nbd2 Nc6 13. b3 Qd7 14. Bb2 d4
15. Nc4 O-O 16. Nce5 Qd6 17. Qd2 Bf6 18. Nxc6 Qxc6 19. Nxd4 Qd6 20. Nf5 Bg5 21.
Qxg5 hxg5 22. Nxd6 cxd6 23. Re7 b6 24. Rd7 Rfd8 25. Rxd8+ Rxd8 26. Re1 a5 27.
Re7 Bd1 28. c3 Bc2 29. d4 b5 30. Rb7 Bd3 31. Ra7 b4 32. Rxa5 bxc3 33. Bxc3 Rc8
34. Bb4 Bf5 35. Rxf5 g6 36. Rxg5 Rc1+ 37. Kh2 Kg7 38. Bxd6 Kf6 39. Rc5 Rxc5 40.
Bxc5 Ke6 41. Kg3 Kd5 42. Kf4 Kc6 43. Kg5 Kb5 44. Kf6 g5 45. Kxg5 Kc6 46. h4 Kd7
47. Kf6 Ke8 48. h5 Kd7 49. h6 Ke8 50. h7 Kd7 51. h8=Q Kc6 52. Qc8+ Kb5 53. Qb7+
Ka5 54. Qb6# 1-0

[Event "Championnat de France des Jeunes - Pous"]
[Site "LA ROCHE SUR YON"]
[Date "2008.04.27"]
[Round "9.6"]
[White "Bour, Valentine"]
[Black "Remy, Camille"]
[Result "1-0"]
[WhiteElo "1440"]
[BlackElo "1340"]
[Annotator "Salaun,Michel"]
[PlyCount "85"]
[EventDate "2008.04.25"]
[EventType "swiss"]
[EventRounds "5"]
[EventCountry "FRA"]

1. d4 d5 2. Bf4 Nf6 3. Nf3 Bf5 4. Nbd2 e6 5. e3 Bb4 6. c3 Ba5 7. Be2 Nc6 8. O-O
O-O 9. a3 Bg4 10. b4 Bb6 11. c4 a6 12. c5 Ba7 13. Ne5 Nxe5 14. Bxe5 Bxe2 15.
Qxe2 c6 16. Qf3 Bb8 17. Bxf6 gxf6 18. Qg4+ Kh8 19. f4 Rg8 20. Qh5 Rg7 21. Qh3
e5 22. fxe5 fxe5 23. Qh5 Qc7 24. Nf3 e4 25. Ne5 Kg8 26. Rf5 Qe7 27. Raf1 Bxe5
28. dxe5 Qe6 29. Rg5 Rxg5 30. Qxg5+ Kf8 31. Rf6 Qe7 32. e6 a5 33. Rxf7+ Qxf7
34. exf7 Kxf7 35. Qf5+ Kg7 36. Qd7+ Kh6 37. Qxb7 Rf8 38. bxa5 d4 39. Qxc6+ Kg7
40. Qxe4 dxe3 41. a6 e2 42. Qxe2 Ra8 43. c6 1-0